The design and analysis of sequential clinical trials

Αποθηκεύτηκε σε:
Λεπτομέρειες βιβλιογραφικής εγγραφής
Κύριος συγγραφέας: Whitehead, John (Συγγραφέας)
Μορφή: Βιβλίο
Γλώσσα:Αγγλικά
Έκδοση: Nueva York John Wiley 1997
Έκδοση:2a. ed
Σειρά:Statistics in Practice
Θέματα:
Ετικέτες: Προσθήκη ετικέτας
Δεν υπάρχουν, Καταχωρήστε ετικέτα πρώτοι!

MARC

LEADER 00000nam a2200000 a 4500
001 UCQ3963
003 CL-VaPUC
008 980829e19970000US |||||||||||||||||eng|d
082 0 4 |a 519.5  |b WHI  |2 21 
100 0 |a Whitehead, John  |e author  |9 418147 
245 1 4 |a The design and analysis of sequential clinical trials 
250 |a 2a. ed 
300 |a 314 p 
942 |c BK 
945 |d 19980829 00:00:00  |a aarredon 
260 |a Nueva York  |b John Wiley  |c 1997 
650 0 |a Estadística matemática  |9 260028 
650 7 |a PROCEDIMIENTOS  |2 CL-VaPUC  |9 258710 
650 7 |a SECUENCIAS MATEMATICAS  |2 CL-VaPUC  |9 338129 
650 0 |a Análisis secuencial  |9 270666 
583 |a last modification  |c 19980829 00:00:00  |k Rodrigo Vera 
490 0 |a Statistics in Practice 
999 |c 274473  |d 274471 
952 |0 0  |1 0  |4 0  |6 519_500000000000000_WHI_1997  |7 0  |8 A  |9 310648  |a BIBGIM  |b BIBGIM  |d 2019-11-20  |i 345617K  |o 519.5 WHI 1997  |p 345617K  |r 2025-01-15  |w 2019-11-20  |y BK  |k EST